000 00400pam a2200157a 44500
008 230515b2011 xxu||||| |||| 00| 0 eng d
020 _a978-93-5025-243-7
041 _aENGLISH
082 _a618.92/SRI
100 _aSHIVASTAVA,R.N / BAGGA,ARVIND
245 _aPEDIATRIC NEPHROLOGY
250 _a5
260 _aPUNE
_bJAYPEE BROTHERS
_c2011
300 _a557
650 _aPEDIATRIC NEPHROLOGY
999 _c498928
_d498928